Plena Ac Succincta Informatio De Statu Totius Controversiæ Quæ De Authore Libelli de Imitatione Christi inter Thomæ Kempensis Canonici Regularis & Joannis Gersenis Ordinis S. Benedicti Abbatis Patronos jam à centum annis agitatur, Ubi Simul utriusque partis Argumenta juxta Leges Artis Criticæ expenduntur

Saved in:  
Bibliographic Details
Main Author: Amort, Eusebius 1692-1775 (Author)
Contributors: Handl, Franc. Josephus de (Other) ; Vöhlin, Jo. Gotthardus de (Other) ; Oswald, Albert 1663-1744 (Other) ; Thomas von Kempen 1379-1471 (Other) ; Gerson, Jean 1363-1429 (Other) ; Bissoni, Antonio Bonaventura (Printer)
Format: Print Book
Language:Latin
Subito Delivery Service: Order now.
Check availability: HBZ Gateway
WorldCat: WorldCat
Interlibrary Loan:Interlibrary Loan for the Fachinformationsdienste (Specialized Information Services in Germany)
Published: Augustae Vindelicorum Bissoni 1725
In:Year: 1725
Further subjects:B Ordensliteratur:Augustiner-Chorherren
B Streitschrift:theol

MARC

LEADER 00000cam a2200000 c 4500
001 13935705X
003 DE-627
005 20240221114904.0
007 tu
008 940306s1725 xx ||||| 00| ||lat c
024 7 |a VD18 10266305-001  |2 vd18 
035 |a (DE-627)13935705X 
035 |a (DE-576)9139357058 
035 |a (DE-599)GBV13935705X 
035 |a (OCoLC)12911406 
040 |a DE-627  |b ger  |c DE-627  |e rakwb 
041 |a lat 
044 |c XA-DXDE 
084 |a 1  |2 ssgn 
100 1 |0 (DE-588)118648861  |0 (DE-627)135605202  |0 (DE-576)160071879  |4 aut  |a Amort, Eusebius  |d 1692-1775 
109 |a Amort, Eusebius 1692-1775  |a Amorth, Eusebius 1692-1775  |a Amort, Thomas 1692-1775  |a Filisto, Pio 1692-1775 
245 1 0 |a Plena Ac Succincta Informatio De Statu Totius Controversiæ Quæ De Authore Libelli de Imitatione Christi inter Thomæ Kempensis Canonici Regularis & Joannis Gersenis Ordinis S. Benedicti Abbatis Patronos jam à centum annis agitatur, Ubi Simul utriusque partis Argumenta juxta Leges Artis Criticæ expenduntur  |c Authore Eusebio Amort Ecclesiæ Collegiatæ ad S. Crucem Pollingæ Canonio Regularii, Bibliothecario ad SS. Theologiæ Professore 
246 3 0 |a Plena Ac Succincta Informatio De Statu Totius Controversiae 
264 1 |a Augustae Vindelicorum  |b Bissoni  |c 1725 
300 |a [7] Bl., 334 S., [1] Bl.  |b Frontisp. 
336 |a Text  |b txt  |2 rdacontent 
337 |a ohne Hilfsmittel zu benutzen  |b n  |2 rdamedia 
338 |a Band  |b nc  |2 rdacarrier 
500 |a Vorlageform der Veröffentlichungsangabe: Augustæ Vindelicorum, Apud Antonium Bonaventuram Bissoni, Bibliopolam 
655 7 |a Ordensliteratur:Augustiner-Chorherren  |0 (DE-627)096632461  |2 local 
655 7 |a Streitschrift:theol  |0 (DE-627)096633131  |2 local 
700 1 |a Handl, Franc. Josephus de  |e Zensor  |4 oth 
700 1 |a Vöhlin, Jo. Gotthardus de  |e Zensor  |4 oth 
700 1 |e Zensor  |0 (DE-588)13805519X  |0 (DE-627)696304643  |0 (DE-576)306314851  |4 oth  |a Oswald, Albert  |d 1663-1744 
700 0 |0 (DE-588)118642766  |0 (DE-627)13416430X  |0 (DE-576)16330145X  |4 oth  |a Thomas  |c von Kempen  |d 1379-1471 
700 1 |0 (DE-588)118557866  |0 (DE-627)139530649  |0 (DE-576)161098193  |4 oth  |a Gerson, Jean  |d 1363-1429 
700 1 |0 (DE-588)112591095X  |0 (DE-627)880483032  |0 (DE-576)483623660  |4 prt  |a Bissoni, Antonio Bonaventura 
850 |a RedVD18-DE-12 
912 |a vd18 
951 |a BO 
ELC |b 1 
LOK |0 000 xxxxxcx a22 zn 4500 
LOK |0 001 448932619X 
LOK |0 003 DE-627 
LOK |0 004 13935705X 
LOK |0 005 20251112170232 
LOK |0 008 240221||||||||||||||||ger||||||| 
LOK |0 040   |a DE-Tue135  |c DE-627  |d DE-Tue135 
LOK |0 092   |o n 
LOK |0 852   |a DE-Tue135 
LOK |0 852 1  |9 00 
LOK |0 935   |a RFBW  |a bips 
LOK |0 939   |a 21-02-24  |b l01 
ORI |a SA-MARC-ixtheoa001.raw